Emotional literacy (Record no. 16844)
[ view plain ]
| 000 -LEADER | |
|---|---|
| fixed length control field | 01266nam a2200313Ia 4500 |
| 100 1# - MAIN ENTRY--AUTHOR NAME | |
| Personal name | Killick, Steve. |
| 245 10 - TITLE STATEMENT | |
| Title | Emotional literacy |
| 260 ## - PUBLICATION, DISTRIBUTION, ETC. (IMPRINT) | |
| Place of publication | London : |
| Name of publisher | Paul Chapman Pub. ; |
| Place of publication | Thousand Oaks, Calif. : |
| Name of publisher | Sage Publications, |
| Year of publication | 2006. |
| 300 ## - PHYSICAL DESCRIPTION | |
| Number of Pages | ix, 198 p. : |
| Other physical details | ill. |
| 500 ## - GENERAL NOTE | |
| General note | "A Lucky Duck book." |
| 650 #0 - SUBJECT ADDED ENTRY--TOPICAL TERM | |
| Topical Term | Child psychology. |
| Topical Term | Emotions in children. |
| Topical Term | School environment |
| 856 40 - ELECTRONIC LOCATION AND ACCESS | |
| Uniform Resource Identifier | http://site.ebrary.com/lib/rucke/Doc?id=10285219 |
No items available.
